<A> tanácsadás múltja és jelene Szlovákiában
Stručný historický vývoj poradenstva na Slovensku.
Salvato in:
| Autore principale: | |
|---|---|
| Natura: | Capitolo di libro |
| Lingua: | ungherese |
| Soggetti: | |
| Tags: |
Nessun Tag, puoi essere il primo ad aggiungerne!!
|
MARC
| LEADER | 00000naa$a2200000$$$4500 | ||
|---|---|---|---|
| 001 | 0270891 | ||
| 005 | 20240502074242.7 | ||
| 041 | 0 | |a hun | |
| 044 | |a SK | ||
| 245 | 1 | 0 | |a <A> tanácsadás múltja és jelene Szlovákiában |c Zsolt Horbulák |
| 520 | |a Stručný historický vývoj poradenstva na Slovensku. | ||
| 610 | 2 | 0 | |a účtovníctvo |
| 610 | 2 | 0 | |a služby konzultačné |
| 610 | 2 | 0 | |a poradenstvo |
| 610 | 2 | 0 | |a zdroje ľudské |
| 610 | 2 | 0 | |a poradenstvo finančné |
| 610 | 2 | 0 | |a marketing |
| 100 | 1 | |a Horbulák, Zsolt, 1972- | |